000
00217nam a2200085Ia 4500
008
120527s9999 xx 000 0 und d
100
_a
Cleary & watson
245
_a
Psychology: development of the human soul
942
_c
BK
999
_c
27450
_d
27450